| 000 | 00688nam a22002057a 4500 | ||
|---|---|---|---|
| 005 | 20160801113102.0 | ||
| 010 | _aENG-115569 | ||
| 020 |
_a9789352550357 _c495.00 |
||
| 035 | _aEN-99100 | ||
| 037 | _bDBAD/PUB | ||
| 082 | _a540 | ||
| 100 | _aRay,Bidhan Chandra | ||
| 245 |
_aGeneral and inorganic chemistry : _bby Bidhan Chandra Ray [and] Satyanarayan Das _cfor undergraduate & postrgraduate studens of all leading universities / |
||
| 260 |
_aNew Delhi _bNew Central Book Agency _c2016 |
||
| 270 |
_a8/1,Chintamoni Das Lane _bKolkata _e700009 |
||
| 300 |
_a557p. _c24cm(pbk) |
||
| 490 | _aVol II | ||
| 500 | _aIncludes index | ||
| 942 |
_2ddc _cEN _h540 _mRAY |
||
| 999 |
_c101568 _d101568 |
||